Baťov systém riadenia
Baťova sústava riadenia - základné rysy. Plánovanie u Baťovcov. Samospráva dielní. Riadenie kvality - dôležitejšia ako kvalita výrobkov je kvalita výrobného procesu. Systém kontroly kvality.
Enregistré dans:
| Auteur principal: | |
|---|---|
| Format: | Chapitre de livre |
| Langue: | slovaque |
| Sujets: | |
| Tags: |
Pas de tags, Soyez le premier à ajouter un tag!
|
MARC
| LEADER | 00000naa a2200000 4500 | ||
|---|---|---|---|
| 001 | 0186707 | ||
| 005 | 20231120134203.2 | ||
| 041 | 0 | |a slo | |
| 044 | |a SK | ||
| 245 | 1 | 0 | |a Baťov systém riadenia |c Oľga Poniščiaková |
| 520 | |a Baťova sústava riadenia - základné rysy. Plánovanie u Baťovcov. Samospráva dielní. Riadenie kvality - dôležitejšia ako kvalita výrobkov je kvalita výrobného procesu. Systém kontroly kvality. | ||
| 610 | 2 | 0 | |a batizmus |
| 610 | 2 | 0 | |a systémy riadenia |
| 610 | 2 | 0 | |a plánovanie |
| 610 | 2 | 0 | |a kvalita výrobkov |
| 610 | 2 | 0 | |a kontrola |
| 100 | 1 | |a Poniščiaková, Oľga | |